| 000 | 01088nam a22003617a 4500 | ||
|---|---|---|---|
| 001 | BR0205210 | ||
| 003 | BR-BrBNA | ||
| 005 | 20230928101159.0 | ||
| 007 | ta | ||
| 008 | 230509b bl.||||| |||| 00| 0 por d | ||
| 040 |
_aBR-BrBNA _bpor _cBiblioteca Nacional de Agricultura |
||
| 041 | _a(Por) | ||
| 072 |
_aE71; E70; E16 _b5212 _b9702 |
||
| 090 | _ 5212 BR0205210 | ||
| 100 | 1 | _aFloriani, C.G. | |
| 110 | 1 |
_aInstituto Mineiro de Agropecuária, Belo Horizonte, MG (Brasil) _96391 |
|
| 245 | 1 |
_aCERTIBOV; pioneirismo de Minas na certificação dos produtos da bovinocultura _bCaderno Técnico - IMA - nº 5 |
|
| 260 | 3 |
_aBelo Horizonte. MG (Brasil): _c[nd]. |
|
| 300 | _a35 p. | ||
| 500 | _a17 ref.; 26 tables | ||
| 650 | _aBOVINO | ||
| 650 | _aCARNE | ||
| 650 | _aAGRIBUSINESS | ||
| 650 | _aMERCADO | ||
| 650 | _aIMPORTAÇÃO | ||
| 650 | _aEXPORTAÇÃO | ||
| 650 | _aPRODUTO DE ORIGEM ANIMAL | ||
| 650 | _aESTATÍSTICA DE PRODUÇÃO | ||
| 650 | _aBALANÇA COMERCIAL | ||
| 650 | _aPRODUTO DE ORIGEM VEGETAL | ||
| 909 |
_a202309 _bLucia _c55 _dLucia Elande |
||
| 942 | _cBK | ||
| 999 |
_c64608 _d64608 |
||